[Event "ENG-ch Schools"]
[Site "Nottingham"]
[Date "2025.06.25"]
[Round "4.4"]
[White "Gushchin, Arseniy"]
[Black "Chadwick, Thomas"]
[Result "1/2-1/2"]
[WhiteElo "1423"]
[BlackElo "1754"]
[PlyCount "71"]
[EventDate "2025.06.25"]
[EventType "team-swiss"]
[EventRounds "6"]
[EventCountry "ENG"]
[SourceTitle "CB27_2025"]
[SourceDate "2025.07.02"]
[SourceVersion "1"]
[SourceVersionDate "2025.07.02"]
[SourceQuality "1"]
[WhiteTeam "Dulwich College"]
[BlackTeam "University College"]
[WhiteTeamCountry "ENG"]
[BlackTeamCountry "ENG"]

1. e4 e6 2. d4 d5 3. exd5 exd5 4. Nf3 Nf6 5. Bd3 Bd6 6. Qe2+ Qe7 7. Qxe7+ Bxe7 8. 0-0 0-0 9. Re1 Bd6 10. Bg5 Ne8 11. Nbd2 Be6 12. Bh4 h6 13. Nf1 Nd7 14. Ne3 c6 15. Nf5 Bxf5 16. Bxf5 Nef6 17. Bxd7 Nxd7 18. Be7 Bxe7 19. Rxe7 Rfd8 20. Rae1 Kf8 21. Kf1 a5 22. Nh4 g6 23. f4 Rab8 24. Nf3 b5 25. R7e3 Re8 26. Ne5 Nxe5 27. fxe5 Re6 28. Rh3 Kg7 29. Rf3 Rb7 30. Re2 Rbe7 31. Rc3 Rc7 32. Rc5 f6 33. a4 bxa4 34. Rxa5 fxe5 35. dxe5 Rce7 36. Rxa4 1/2-1/2

[Event "ECF Schools-ch"]
[Site "Nottingham"]
[Date "2024.06.27"]
[Round "2.1"]
[White "Korshunov, Sergey And"]
[Black "Chadwick, Thomas"]
[Result "1-0"]
[WhiteElo "2328"]
[BlackElo "1747"]
[PlyCount "33"]
[EventDate "2024.06.27"]
[EventType "team-swiss"]
[EventRounds "5"]
[EventCountry "ENG"]
[SourceTitle "EXT 2025"]
[Source "ChessBase"]
[SourceDate "2024.10.14"]
[SourceVersion "1"]
[SourceVersionDate "2024.10.14"]
[SourceQuality "1"]
[WhiteTeam "Woodbridge School"]
[BlackTeam "University College School"]
[WhiteTeamCountry "ENG"]
[BlackTeamCountry "ENG"]

1. e4 e6 2. d4 d5 3. e5 c5 4. c3 Nc6 5. Nf3 Qb6 6. Na3 a6 7. Nc2 Bd7 8. Be2 f6 9. 0-0 Nge7 10. dxc5 Qxc5 11. Be3 Qa5 12. Bd4 fxe5 13. Nxe5 Nxd4 14. Nxd4 Qc7 15. Re1 g6 16. Nxd7 Qxd7 17. Nxe6 1-0